000
00304nam a2200145Ia 4500
100
_a
Jain/R.K
942
_c
BK
654
_a
production
245
_a
Production Technology
260
_b
Khanna Publishers
_a
NewDelhi
_c
2001
082
_a
670
_b
JAI
300
_a
1768
546
_a
ENGLISH
999
_c
31253
_d
31253